[Event "Helsinki MatSK Weekend"]
[Site "Helsinki"]
[Date "2018.02.25"]
[Round "7"]
[White "Bederdin, Lauri"]
[Black "Kauppala, Pekka"]
[Result "1-0"]
[WhiteElo "1974"]
[BlackElo "2049"]
[PlyCount "67"]
[EventDate "2018.02.23"]
[EventType "swiss"]
[EventRounds "7"]
[EventCountry "FIN"]
[SourceTitle "EXT 2019"]
[Source "ChessBase"]
[SourceDate "2018.10.10"]
[SourceVersion "1"]
[SourceVersionDate "2018.10.10"]
[SourceQuality "1"]

1. Nf3 d5 2. d4 Nf6 3. c4 e6 4. g3 Bb4+ 5. Bd2 a5 6. Bg2 0-0 7. 0-0 dxc4 8. Bxb4 axb4 9. Ne5 Nc6 10. Nxc6 bxc6 11. Bxc6 Ra6 12. Bb5 Rd6 13. Bxc4 e5 14. Qb3 exd4 15. Qxb4 Ng4 16. Nd2 Rb6 17. Qc5 Bb7 18. Nf3 Rh6 19. h4 Qa8 20. Qxd4 Bxf3 21. exf3 Qxf3 22. Bd5 Qf5 23. Be4 Qc8 24. Bf3 Rg6 25. Rad1 h5 26. Rfe1 c5 27. Qd5 Nf6 28. Qe5 c4 29. Bxh5 Qh3 30. Bxg6 Ng4 31. Bxf7+ Rxf7 32. Rd8+ Kh7 33. Qh5+ Nh6 34. Ree8 1-0

[Event "Helsinki MatSK Weekend"]
[Site "Helsinki"]
[Date "2018.02.24"]
[Round "4"]
[White "Koskinen, Hannu E"]
[Black "Kauppala, Pekka"]
[Result "1/2-1/2"]
[WhiteElo "1922"]
[BlackElo "2049"]
[PlyCount "104"]
[EventDate "2018.02.23"]
[EventType "swiss"]
[EventRounds "7"]
[EventCountry "FIN"]
[SourceTitle "EXT 2019"]
[Source "ChessBase"]
[SourceDate "2018.10.10"]
[SourceVersion "1"]
[SourceVersionDate "2018.10.10"]
[SourceQuality "1"]

1. Nf3 d5 2. d4 Bf5 3. c4 e6 4. Nc3 Nf6 5. a3 c6 6. cxd5 exd5 7. Bg5 Nbd7 8. e3 Bd6 9. Bd3 Bxd3 10. Qxd3 0-0 11. 0-0 h6 12. Bh4 a5 13. Bg3 Bxg3 14. hxg3 Re8 15. Qf5 Ne4 16. Nxe4 Rxe4 17. Nd2 Re6 18. Nb3 a4 19. Nc5 Nxc5 20. dxc5 Qe7 21. Qc2 Re4 22. b4 axb3 23. Qxb3 Rc4 24. Rfc1 Qxc5 25. Rxc4 dxc4 26. Qxb7 Rd8 27. Qb4 Qxb4 28. axb4 Rb8 29. Rb1 Kf8 30. Kf1 Ke7 31. Ke2 Ke6 32. Kd2 Ra8 33. Kc3 Ra2 34. Rb2 Ra1 35. Kxc4 Rc1+ 36. Kd3 Rg1 37. f3 g5 38. Rc2 Kd5 39. e4+ Kd6 40. Kc3 Ke5 41. Kc4 g4 42. Kc5 gxf3 43. gxf3 Rxg3 44. Kxc6 Rxf3 45. b5 Kxe4 46. b6 Rb3 47. b7 f5 48. Rc5 Rxb7 49. Kxb7 f4 50. Rh5 f3 51. Rxh6 f2 52. Rf6 Ke3 1/2-1/2

[Event "Jyvaskyla We JyS A"]
[Site "Jyvaskyla"]
[Date "2018.01.28"]
[Round "4"]
[White "Uusi Oukari, Seppo"]
[Black "Kauppala, Pekka"]
[Result "0-1"]
[WhiteElo "1898"]
[BlackElo "2063"]
[PlyCount "32"]
[EventDate "2018.01.26"]
[EventType "swiss"]
[EventRounds "5"]
[EventCountry "FIN"]
[SourceTitle "EXT 2022"]
[Source "ChessBase"]
[SourceDate "2021.10.06"]
[SourceVersion "1"]
[SourceVersionDate "2021.10.06"]
[SourceQuality "1"]

1. d4 g6 2. e4 Bg7 3. Nf3 d6 4. Be2 Nf6 5. Nbd2 0-0 6. 0-0 c5 7. c3 a6 8. a4 cxd4 9. cxd4 Nc6 10. Re1 Bg4 11. h3 Bxf3 12. Nxf3 Nxe4 13. d5 Nb4 14. Bc4 Nc5 15. Bd2 Nbd3 16. Re3 Nxb2 0-1

[Event "Helsinki-ch Master"]
[Site "Helsinki"]
[Date "2018.01.03"]
[Round "5"]
[White "Kauppala, Pekka"]
[Black "Bederdin, Lauri"]
[Result "0-1"]
[WhiteElo "2061"]
[BlackElo "1996"]
[PlyCount "110"]
[EventDate "2017.12.29"]
[EventType "tourn"]
[EventRounds "7"]
[EventCountry "FIN"]
[SourceTitle "EXT 2019"]
[Source "ChessBase"]
[SourceDate "2018.10.10"]
[SourceVersion "1"]
[SourceVersionDate "2018.10.10"]
[SourceQuality "1"]

1. d4 Nf6 2. g3 g6 3. Bg2 Bg7 4. e4 d6 5. Nc3 0-0 6. Nge2 e5 7. dxe5 dxe5 8. Qxd8 Rxd8 9. Bg5 c6 10. h3 Nbd7 11. 0-0-0 b5 12. Kb1 Bb7 13. Rd6 h6 14. Be3 Bf8 15. Rdd1 b4 16. Na4 Ba6 17. Nc1 Bb5 18. b3 Bxa4 19. bxa4 Nb6 20. Rxd8 Rxd8 21. a5 Nc4 22. Bxa7 Na3+ 23. Ka1 Rd2 24. Nb3 Rxc2 25. Rc1 Rxc1+ 26. Nxc1 c5 27. Nd3 Nd7 28. Bb6 c4 29. Ne1 Bc5 30. Bxc5 Nxc5 31. Kb2 c3+ 32. Kc1 b3 33. axb3 Nxb3+ 34. Kd1 Nxa5 35. Nc2 Nb5 36. f4 f6 37. fxe5 fxe5 38. Bf1 Nd4 39. Bd3 Kg7 40. Nb4 Nab3 41. Na2 Nc5 42. Nc1 Kf6 43. Ke1 Ndb3 44. Nxb3 Nxb3 45. Ke2 Kg5 46. Ke3 Nd4 47. g4 c2 48. Kd2 Kf4 49. Ba6 g5 50. Bd3 Kf3 51. Kc1 Ke3 52. Bf1 Kxe4 53. Kd2 Kf3 54. Ba6 Kg3 55. Bf1 e4 0-1

[Event "Helsinki-ch Master"]
[Site "Helsinki"]
[Date "2017.12.29"]
[Round "1"]
[White "Eklund, Kari"]
[Black "Kauppala, Pekka"]
[Result "1-0"]
[WhiteElo "2047"]
[BlackElo "2061"]
[PlyCount "85"]
[EventDate "2017.12.29"]
[EventType "tourn"]
[EventRounds "7"]
[EventCountry "FIN"]
[SourceTitle "EXT 2019"]
[Source "ChessBase"]
[SourceDate "2018.10.10"]
[SourceVersion "1"]
[SourceVersionDate "2018.10.10"]
[SourceQuality "1"]

1. Nf3 d5 2. c4 dxc4 3. e3 Be6 4. Na3 Nf6 5. Nxc4 g6 6. b4 Bg7 7. Bb2 0-0 8. Qc2 Qd5 9. d3 c5 10. b5 Nbd7 11. e4 Qh5 12. Be2 Ne8 13. Nfe5 Qh6 14. 0-0 Nxe5 15. Nxe5 Bf6 16. f4 Nd6 17. a4 Rac8 18. Rae1 c4 19. d4 c3 20. Bc1 Qg7 21. d5 Bxe5 22. fxe5 Qxe5 23. dxe6 Qxe6 24. Bd3 Nc4 25. Qf2 Ne5 26. Bc2 Rfd8 27. Rd1 b6 28. Bf4 Ng4 29. Qg3 Nf6 30. Rxd8+ Rxd8 31. Qxc3 Nxe4 32. Qe3 Nc5 33. Qxe6 Nxe6 34. Be5 Rd5 35. Bb8 Nd4 36. Be4 Ne2+ 37. Kf2 Rd2 38. Ke3 Ra2 39. Rf2 Nc3 40. Rxa2 Nxa2 41. Bxa7 Nc3 42. Bxb6 Nxa4 43. Bd4 1-0

[Event "FIN-chT2 Gp1 1617"]
[Site "Finland"]
[Date "2016.12.10"]
[Round "4.1"]
[White "Eskelinen, Aarno"]
[Black "Kauppala, Pekka"]
[Result "1-0"]
[WhiteElo "2203"]
[BlackElo "2070"]
[PlyCount "91"]
[EventDate "2016.09.17"]
[EventType "team-tourn"]
[EventRounds "7"]
[EventCountry "FIN"]
[SourceTitle "EXT 2019"]
[Source "ChessBase"]
[SourceDate "2018.10.10"]
[SourceVersion "1"]
[SourceVersionDate "2018.10.10"]
[SourceQuality "1"]
[WhiteTeam "Helsinki MeRa"]
[BlackTeam "Helsinki LauttSK"]
[WhiteTeamCountry "FIN"]
[BlackTeamCountry "FIN"]

1. e4 e5 2. Nf3 Nc6 3. Bc4 Nf6 4. d3 Be7 5. 0-0 0-0 6. Re1 d6 7. c3 Rb8 8. Nbd2 b5 9. Bb3 a5 10. a4 b4 11. h3 Ba6 12. Nc4 h6 13. Ba2 Re8 14. d4 bxc3 15. bxc3 exd4 16. cxd4 Nb4 17. Bb3 c6 18. Bf4 Bf8 19. Nxd6 Bxd6 20. Bxd6 Qxd6 21. e5 Qd8 22. exf6 Rxe1+ 23. Qxe1 Nd3 24. Qe7 Qxe7 25. fxe7 Re8 26. Ne5 Nxe5 27. dxe5 Rxe7 28. f4 Rb7 29. Bc2 g6 30. Rd1 Rb4 31. Rd8+ Kg7 32. Ra8 Bc4 33. Rxa5 Bd5 34. Rc5 Rxf4 35. a5 Rb4 36. Bd3 Rb2 37. Bf1 Ra2 38. a6 Kf8 39. Rc1 Ke7 40. h4 Ke6 41. Re1 Kf5 42. g3 Kg4 43. Re3 c5 44. Be2+ Kf5 45. Bf1 c4 46. Bh3# 1-0

[Event "FIN-chT2 Gp3 1516"]
[Site "Finland"]
[Date "2016.03.12"]
[Round "7.1"]
[White "Kiltti, Jyrki"]
[Black "Kauppala, Pekka"]
[Result "1-0"]
[WhiteElo "2226"]
[BlackElo "2080"]
[PlyCount "73"]
[EventDate "2015.09.12"]
[EventType "team-tourn"]
[EventRounds "6"]
[EventCountry "FIN"]
[SourceTitle "EXT 2017"]
[Source "ChessBase"]
[SourceDate "2016.10.25"]
[SourceVersion "1"]
[SourceVersionDate "2016.10.25"]
[SourceQuality "1"]
[WhiteTeam "Lahti S"]
[BlackTeam "Helsinki LauttSK"]
[WhiteTeamCountry "FIN"]
[BlackTeamCountry "FIN"]

1. c4 g6 2. Nc3 Bg7 3. g3 e5 4. Nf3 Nc6 5. d3 Nf6 6. Bg2 0-0 7. Bg5 h6 8. Bd2 d6 9. Rb1 a5 10. a3 d5 11. cxd5 Nxd5 12. Nxd5 Qxd5 13. 0-0 Qb5 14. Qc1 Kh7 15. b4 axb4 16. axb4 Ra2 17. Qc5 Nd4 18. Nxd4 Qxc5 19. bxc5 Rxd2 20. Nb5 Rxe2 21. Nxc7 Rc2 22. Rfc1 Rxc1+ 23. Rxc1 Rd8 24. Nb5 Bf8 25. Na7 Kg7 26. h4 g5 27. hxg5 hxg5 28. Rc3 Bf5 29. Bxb7 Rxd3 30. Rc1 Ra3 31. Nb5 Ra5 32. Nd6 Bxd6 33. cxd6 Kf8 34. Bc6 Be6 35. Rd1 Bg4 36. d7 Bxd1 37. d8Q+ 1-0

[Event "Espoo We MatSK A"]
[Site "Espoo"]
[Date "2016.02.28"]
[Round "4"]
[White "Ertbjerg, Per"]
[Black "Kauppala, Pekka"]
[Result "0-1"]
[WhiteElo "1950"]
[BlackElo "2076"]
[PlyCount "80"]
[EventDate "2016.02.26"]
[EventType "swiss"]
[EventRounds "5"]
[EventCountry "FIN"]
[SourceTitle "EXT 2022"]
[Source "ChessBase"]
[SourceDate "2021.10.06"]
[SourceVersion "1"]
[SourceVersionDate "2021.10.06"]
[SourceQuality "1"]

1. d4 g6 2. c4 Bg7 3. Nc3 d6 4. e4 e5 5. d5 f5 6. Bd3 Nf6 7. Nge2 0-0 8. exf5 gxf5 9. Ng3 Ng4 10. h4 c6 11. f3 e4 12. Ngxe4 fxe4 13. Nxe4 Ne5 14. Bg5 Qa5+ 15. Kf1 Bg4 16. Be2 Qb4 17. Be7 Nxc4 18. Qb3 Qxb3 19. axb3 Ne3+ 20. Kf2 Rf7 21. Bxd6 Bd4 22. Bc5 Bxc5 23. Nxc5 Nxd5 24. Ra4 Bf5 25. g4 Nd7 26. Nxb7 N7b6 27. Nd6 Nxa4 28. Nxf7 Kxf7 29. bxa4 Bc2 30. Ra1 Rb8 31. Ra2 Bb1 32. Ra3 Rxb2 33. Ke1 Kf6 34. a5 Ke5 35. Kd1 Nf4 36. Ba6 c5 37. h5 Kd4 38. Kc1 Rb4 39. Kd2 c4 40. Bc8 c3+ 0-1

[Event "Espoo We MatSK A"]
[Site "Espoo"]
[Date "2016.02.26"]
[Round "2"]
[White "Tocklin, Tomi"]
[Black "Kauppala, Pekka"]
[Result "1/2-1/2"]
[WhiteElo "1834"]
[BlackElo "2076"]
[PlyCount "33"]
[EventDate "2016.02.26"]
[EventType "swiss"]
[EventRounds "5"]
[EventCountry "FIN"]
[SourceTitle "EXT 2022"]
[Source "ChessBase"]
[SourceDate "2021.10.06"]
[SourceVersion "1"]
[SourceVersionDate "2021.10.06"]
[SourceQuality "1"]

1. Nf3 d5 2. d4 Bf5 3. e3 e6 4. Bd3 Nh6 5. 0-0 Nc6 6. c3 Bd6 7. Bxf5 exf5 8. Nbd2 Qe7 9. c4 dxc4 10. Nxc4 0-0-0 11. Nxd6+ Qxd6 12. a3 Ng4 13. b4 h5 14. Bb2 f6 15. Rc1 g5 16. Qc2 Kb8 17. Qxf5 1/2-1/2

[Event "FIN-chT2 Gp3 1516"]
[Site "Finland"]
[Date "2015.10.11"]
[Round "5.1"]
[White "Kauppala, Pekka"]
[Black "Jonhede, Marko"]
[Result "1/2-1/2"]
[WhiteElo "2080"]
[BlackElo "1909"]
[PlyCount "117"]
[EventDate "2015.09.12"]
[EventType "team-tourn"]
[EventRounds "6"]
[EventCountry "FIN"]
[SourceTitle "EXT 2017"]
[Source "ChessBase"]
[SourceDate "2016.10.25"]
[SourceVersion "1"]
[SourceVersionDate "2016.10.25"]
[SourceQuality "1"]
[WhiteTeam "Helsinki LauttSK"]
[BlackTeam "Joensuu SK II"]
[WhiteTeamCountry "FIN"]
[BlackTeamCountry "FIN"]

1. g3 Nf6 2. Bg2 g6 3. e4 d6 4. f4 Bg7 5. d4 0-0 6. Nc3 c6 7. a4 e5 8. Nge2 Bg4 9. dxe5 dxe5 10. Qxd8 Rxd8 11. h3 Bxe2 12. Kxe2 Nh5 13. Kf3 f5 14. Be3 exf4 15. gxf4 Bxc3 16. bxc3 fxe4+ 17. Kg4 Nd7 18. Bd4 Ndf6+ 19. Kg5 Rd5+ 20. Be5 Rd2 21. Rhg1 Kf7 22. Rab1 b6 23. Rbe1 Rad8 24. Bxe4 Nxe4+ 25. Rxe4 Rxc2 26. Rc4 c5 27. a5 Rd3 28. axb6 axb6 29. Ra4 Rxh3 30. Ra7+ Ke6 31. Rb7 Rg3+ 32. Rxg3 Nxg3 33. Rxb6+ Kd5 34. Kh6 Rh2+ 35. Kg7 Nh5+ 36. Kg8 Rf2 37. Rd6+ Kc4 38. Kxh7 Nxf4 39. Kh6 Nd3 40. Bg7 Rg2 41. Rxg6 Rxg6+ 42. Kxg6 Kb3 43. Kf5 c4 44. Ke4 Nc5+ 45. Ke3 Ne6 46. Bh8 Nc7 47. Kd2 Nb5 48. Bg7 Kb2 49. Bh8 Na3 50. Bg7 Nb1+ 51. Kd1 Kb3 52. Kc1 Nxc3 53. Bh8 Kb4 54. Kc2 Nb5 55. Kb2 Kc5 56. Kc2 Kd5 57. Bg7 Ke4 58. Bh8 Na3+ 59. Kc3 1/2-1/2

[Event "FIN-chT2 Gp3 1516"]
[Site "Finland"]
[Date "2015.10.10"]
[Round "3.1"]
[White "Kauppala, Pekka"]
[Black "Nazarova, Anastasia"]
[Result "1-0"]
[WhiteElo "2080"]
[BlackElo "1941"]
[PlyCount "67"]
[EventDate "2015.09.12"]
[EventType "team-tourn"]
[EventRounds "6"]
[EventCountry "FIN"]
[SourceTitle "EXT 2017"]
[Source "ChessBase"]
[SourceDate "2016.10.25"]
[SourceVersion "1"]
[SourceVersionDate "2016.10.25"]
[SourceQuality "1"]
[WhiteTeam "Helsinki LauttSK"]
[BlackTeam "Espoo ESK"]
[WhiteTeamCountry "FIN"]
[BlackTeamCountry "FIN"]

1. e4 c5 2. Nf3 g6 3. d4 cxd4 4. Qxd4 Nf6 5. e5 Nc6 6. Qa4 Nd5 7. Bd2 Bg7 8. Nc3 Nc7 9. Qe4 d5 10. exd6 Qxd6 11. 0-0-0 Bf5 12. Qa4 Qb4 13. Qxb4 Nxb4 14. Nb5 Nxb5 15. Bxb4 Nc7 16. Bd3 Bd7 17. Rhe1 e6 18. Ne5 Bxe5 19. Rxe5 Nd5 20. Bc5 f6 21. Ree1 Kf7 22. Be4 Bc6 23. c4 Rhc8 24. cxd5 Bxd5 25. Rxd5 exd5 26. Bxd5+ Kg7 27. b4 Re8 28. Rxe8 Rxe8 29. Bxb7 Re2 30. a4 Re5 31. a5 Kf7 32. a6 Ke8 33. Bxa7 Kd7 34. Bb8 1-0